Jules Verne Books - Statistics

General Stats
  • This quiz has been taken 109 times
  • The average score is 9 of 64
Answer Stats
Most Common English Title % Correct
Around the World in Eighty Days
86%
Twenty Thousand Leagues Under The Sea
86%
Journey to the Centre of the Earth
68%
The Mysterious Island
49%
From the Earth to the Moon
44%
In Search of the Castaways
30%
Around the Moon
29%
Five Weeks in a Balloon
27%
Michael Strogoff
20%
The Adventures of Captain Hatteras
16%
Dick Sand, A Captain At Fifteen
15%
Off on a Comet
15%
Mathias Sandorf
14%
Two Years' Vacation
13%
The Child of the Cavern
11%
The Lighthouse at the End of the World
11%
A Floating City
10%
Master of the World
10%
Robur the Conqueror
10%
The Begum's Fortune
10%
The Fur Country
10%
The Green Ray
10%
The Survivors of the Chancellor
10%
An Antarctic Mystery
9%
Eight Hundred Leagues on the Amazon
9%
Facing the Flag
8%
Godfrey Morgan
8%
Invasion of the Sea
8%
Paris in the Twentieth Century
8%
Propeller Island
8%
The Danube Pilot
8%
The Golden Volcano
8%
The Kip Brothers
8%
The Lottery Ticket
8%
The Survivors of the Jonathan
8%
Claudius Bombarnac
6%
Keraban the Inflexible
6%
The Adventures of Three Englishmen and Three Russians in South Africa
6%
The Archipelago on Fire
6%
The Barsac Mission
6%
The Carpathian Castle
6%
The Purchase of the North Pole
6%
The Sea Serpent
6%
The Steam House
6%
The Vanished Diamond
6%
The Village in the Treetops
6%
Tribulations of a Chinaman in China
6%
A Drama in Livonia
5%
Backwards to Britain
5%
Cesar Cascabel
5%
Foundling Mick
5%
Mistress Branican
5%
North against South
5%
The Chase of the Golden Meteor
5%
The Mighty Orinoco
5%
The Secret of Wilhelm Storitz
5%
The Will of an Eccentric
5%
Clovis Dardentor
4%
Family without a Name
4%
The Castaways of the Flag
4%
The Flight to France
4%
The Thompson Travel Agency
4%
Travel Scholarships
4%
Captain Antifer
3%
No matching quizzes found
Score Distribution
Percent of People with Each Score
Percentile by Number Answered
Your Score History
You have not taken this quiz